[Event "7th Cesme Open-A 2019"]
[Site "Cesme"]
[Date "2019.06.26"]
[Round "5"]
[White "Ozenir, Ekin Baris"]
[Black "Koksal, Ege"]
[Result "1-0"]
[WhiteElo "2250"]
[BlackElo "2363"]
[Annotator "NA"]
[PlyCount "85"]
[EventDate "2019.06.24"]
[EventType "swiss"]
[EventCountry "TUR"]
[SourceTitle "playchess.com"]
[Source "ChessBase"]
[SourceQuality "1"]
[TimeControl "5400+30"]

1. d4 {[%emt 0:00:30]} Nf6 {[%emt 0:06:30]} 2. Bg5 {[%emt 0:00:30]} Ne4 {[%emt 0:00:00]} 3. h4 {[%emt 0:00:30]} c5 {[%emt 0:00:00]} 4. d5 {[%emt 0:00:30]} Qb6 {[%emt 0:03:30]} 5. Nd2 {[%emt 0:00:30]} h6 {[%emt 0:14:30]} 6. Nxe4 {[%emt 0:00:30]} hxg5 {[%emt 0:00:30]} 7. c3 {[%emt 0:01:30]} gxh4 {[%emt 0:05:30]} 8. Nf3 {[%emt 0:00:30]} d6 {[%emt 0:00:30]} 9. e3 {[%emt 0:06:30]} Bf5 {[%emt 0:03:30]} 10. Nfd2 {[%emt 0:02:30]} Nd7 {[%emt 0:07:30]} 11. Nc4 {[%emt 0:03:30]} Qc7 {[%emt 0:00:00]} 12. Ng5 {[%emt 0:01:30]} Nf6 {[%emt 0:06:00]} 13. e4 {[%emt 0:11:30]} Rh5 {[%emt 0:13:30]} 14. exf5 {[%emt 0:06:30]} Rxg5 {[%emt 0:00:30]} 15. Ne3 {[%emt 0:00:00]} O-O-O {[%emt 0:01:30]} 16. Qa4 {[%emt 0:04:00]} Kb8 {[%emt 0:04:30]} 17. Be2 {[%emt 0:01:30]} c4 {[%emt 0:05:30]} 18. Rxh4 {[%emt 0:02:30]} g6 {[%emt 0:00:30]} 19. Rxc4 {[%emt 0:01:30]} Qb6 {[%emt 0:00:00]} 20. Rb4 {[%emt 0:01:30]} Qc5 {[%emt 0:01:00]} 21. O-O-O {[%emt 0:07:30]} Bh6 {[%emt 0:01:30]} 22. Kc2 {[%emt 0:06:30]} gxf5 {[%emt 0:08:14]} 23. Rdd4 {[%emt 0:02:30]} Nd7 {[%emt 0:00:56]} 24. Qb3 {[%emt 0:08:30]} Qc7 {[%emt 0:01:29]} 25. Rh4 {[%emt 0:03:30]} Nc5 {[%emt 0:01:58]} 26. Qc4 {[%emt 0:00:30]} Bg7 {[%emt 0:00:21]} 27. Qf4 {[%emt 0:04:30]} Bf6 {[%emt 0:00:59]} 28. Rh7 {[%emt 0:01:30]} Ne4 {[%emt 0:05:04]} 29. Ba6 {[%emt 0:04:35]} Nc5 {[%emt 0:00:34]} 30. Bf1 {[%emt 0:00:50]} Qa5 {[%emt 0:02:08]} 31. Rb5 {[%emt 0:02:52]} Qc7 {[%emt 0:00:43]} 32. Nxf5 {[%emt 0:05:30]} e5 {[%emt 0:03:08]} 33. Qf3 {[%emt 0:02:35]} e4 {[%emt 0:00:01]} 34. Qf4 {[%emt 0:01:37]} Nd3 {[%emt 0:00:36]} 35. Qxe4 {[%emt 0:04:08]} Nxf2 {[%emt 0:00:01]} 36. Qf4 {[%emt 0:02:27]} Ng4 {[%emt 0:00:01]} 37. Nd4 {[%emt 0:00:21]} Re8 {[%emt 0:01:21]} 38. Ne6 {[%emt 0:00:33]} Qd7 {[%emt 0:02:39]} 39. Rxf7 {[%emt 0:00:28]} Ne3+ {[%emt 0:01:04]} 40. Kb3 {[%emt 0:00:29]} Re7 {[%emt 0:01:40]} 41. Rf8+ {[%emt 0:00:20]} Re8 {[%emt 0:00:35]} 42. Rxe8+ {[%emt 0:00:30]} Qxe8 {[%emt 0:00:00]} 43. Qxd6+ {[%emt 0:00:00]} 1-0

[Event "7th Cesme Open-A 2019"]
[Site "Cesme"]
[Date "2019.06.26"]
[Round "5"]
[White "Bashirov, Teymur"]
[Black "Rzayev, Bahruz"]
[Result "1-0"]
[WhiteElo "2238"]
[BlackElo "2340"]
[Annotator "NA"]
[PlyCount "67"]
[EventDate "2019.06.24"]
[EventType "swiss"]
[EventCountry "TUR"]
[SourceTitle "playchess.com"]
[Source "ChessBase"]
[SourceQuality "1"]
[TimeControl "5400+30"]

1. e4 {[%emt 0:00:30]} c5 {[%emt 0:00:30]} 2. Nf3 {[%emt 0:01:30]} e6 {[%emt 0:00:00]} 3. d4 {[%emt 0:03:30]} cxd4 {[%emt 0:00:00]} 4. Nxd4 {[%emt 0:02:30]} a6 {[%emt 0:00:30]} 5. Bd3 {[%emt 0:01:30]} Bc5 {[%emt 0:00:30]} 6. Nb3 {[%emt 0:01:30]} Ba7 {[%emt 0:00:30]} 7. O-O {[%emt 0:02:30]} Ne7 {[%emt 0:01:30]} 8. Nc3 {[%emt 0:01:30]} O-O {[%emt 0:01:30]} 9. Qe2 {[%emt 0:00:30]} f5 {[%emt 0:08:30]} 10. Kh1 {[%emt 0:05:30]} f4 {[%emt 0:05:30]} 11. Nd2 {[%emt 0:01:30]} Nbc6 {[%emt 0:01:30]} 12. Qh5 {[%emt 0:06:30]} Nb4 {[%emt 0:03:30]} 13. Nf3 {[%emt 0:02:30]} d6 {[%emt 0:10:30]} 14. Bc4 {[%emt 0:04:30]} h6 {[%emt 0:10:30]} 15. Bb3 {[%emt 0:02:30]} Rf6 {[%emt 0:01:30]} 16. Bd2 {[%emt 0:01:30]} Nbc6 {[%emt 0:02:30]} 17. Rad1 {[%emt 0:02:30]} Qf8 {[%emt 0:03:30]} 18. Qh3 {[%emt 0:01:30]} Kh8 {[%emt 0:00:30]} 19. e5 {[%emt 0:03:30]} Nxe5 {[%emt 0:07:30]} 20. Nxe5 {[%emt 0:03:30]} dxe5 {[%emt 0:00:30]} 21. Ne4 {[%emt 0:00:30]} Rg6 {[%emt 0:00:30]} 22. Bb4 {[%emt 0:18:30]} a5 {[%emt 0:07:30]} 23. Bxe7 {[%emt 0:03:30]} Qxe7 {[%emt 0:00:30]} 24. Qh5 {[%emt 0:00:00]} Kh7 {[%emt 0:02:30]} 25. c3 {[%emt 0:01:00]} Bd7 {[%emt 0:03:30]} 26. Rxd7 {[%emt 0:01:30]} Qxd7 {[%emt 0:00:00]} 27. Bc2 {[%emt 0:01:30]} Qe7 {[%emt 0:03:00]} 28. h4 {[%emt 0:02:30]} Rh8 {[%emt 0:04:30]} 29. Rd1 {[%emt 0:04:30]} Rd8 {[%emt 0:00:30]} 30. Rxd8 {[%emt 0:02:37]} Qxd8 {[%emt 0:00:30]} 31. Ng5+ {[%emt 0:00:30]} Kg8 {[%emt 0:00:30]} 32. Qxg6 {[%emt 0:00:30]} hxg5 {[%emt 0:00:30]} 33. Qxe6+ {[%emt 0:02:16]} Kh8 {[%emt 0:00:30]} 34. Qg6 {[%emt 0:00:28]} 1-0

[Event "7th Cesme Open-A 2019"]
[Site "Cesme"]
[Date "2019.06.26"]
[Round "5"]
[White "Yilmaz, Goktan"]
[Black "Olcum, Ahmet"]
[Result "1-0"]
[WhiteElo "2155"]
[BlackElo "2315"]
[Annotator "NA"]
[PlyCount "79"]
[EventDate "2019.06.24"]
[EventType "swiss"]
[EventCountry "TUR"]
[SourceTitle "playchess.com"]
[Source "ChessBase"]
[SourceQuality "1"]
[TimeControl "5400+30"]

1. e4 {[%emt 0:00:30]} d6 {[%emt 0:15:30]} 2. d4 {[%emt 0:00:30]} Nf6 {[%emt 0:00:00]} 3. Nc3 {[%emt 0:00:00]} Nbd7 {[%emt 0:00:00]} 4. Nf3 {[%emt 0:00:00]} e5 {[%emt 0:00:00]} 5. Bc4 {[%emt 0:00:30]} Be7 {[%emt 0:00:00]} 6. O-O {[%emt 0:00:30]} c6 {[%emt 0:00:00]} 7. a4 {[%emt 0:00:00]} h6 {[%emt 0:01:00]} 8. Re1 {[%emt 0:01:00]} Qc7 {[%emt 0:00:30]} 9. a5 {[%emt 0:00:30]} Nf8 {[%emt 0:00:30]} 10. Nh4 {[%emt 0:03:30]} g6 {[%emt 0:00:30]} 11. b3 {[%emt 0:02:30]} N6h7 {[%emt 0:09:30]} 12. Nf3 {[%emt 0:03:30]} Ng5 {[%emt 0:04:30]} 13. Nd2 {[%emt 0:15:30]} Nge6 {[%emt 0:19:30]} 14. d5 {[%emt 0:06:30]} Ng7 {[%emt 0:02:30]} 15. Bf1 {[%emt 0:08:30]} g5 {[%emt 0:08:30]} 16. Nc4 {[%emt 0:02:30]} c5 {[%emt 0:02:30]} 17. Be3 {[%emt 0:08:30]} Bd7 {[%emt 0:01:30]} 18. Qb1 {[%emt 0:01:30]} Rb8 {[%emt 0:16:21]} 19. b4 {[%emt 0:01:30]} b5 {[%emt 0:00:33]} 20. axb6 {[%emt 0:00:30]} axb6 {[%emt 0:00:02]} 21. bxc5 {[%emt 0:05:30]} bxc5 {[%emt 0:00:36]} 22. Qa2 {[%emt 0:00:30]} Nh7 {[%emt 0:02:58]} 23. Qa7 {[%emt 0:01:30]} Rb7 {[%emt 0:00:59]} 24. Qa8+ {[%emt 0:00:30]} Rb8 {[%emt 0:00:05]} 25. Qa7 {[%emt 0:08:30]} Rb7 {[%emt 0:00:56]} 26. Qa6 {[%emt 0:00:00]} O-O {[%emt 0:02:15]} 27. Bxc5 {[%emt 0:01:00]} dxc5 {[%emt 0:03:04]} 28. d6 {[%emt 0:00:30]} Bxd6 {[%emt 0:00:00]} 29. Nd5 {[%emt 0:03:30]} Qc6 {[%emt 0:00:31]} 30. Nxd6 {[%emt 0:00:30]} Qxa6 {[%emt 0:00:30]} 31. Rxa6 {[%emt 0:00:30]} Rb2 {[%emt 0:00:57]} 32. Bc4 {[%emt 0:05:30]} Rfb8 {[%emt 0:06:09]} 33. Bb3 {[%emt 0:03:01]} Ne6 {[%emt 0:02:06]} 34. Ra7 {[%emt 0:00:11]} Bb5 {[%emt 0:00:12]} 35. Ne7+ {[%emt 0:03:01]} Kf8 {[%emt 0:00:33]} 36. Bxe6 {[%emt 0:02:53]} fxe6 {[%emt 0:00:41]} 37. Ng6+ {[%emt 0:00:04]} Kg8 {[%emt 0:00:00]} 38. Nf7 {[%emt 0:00:03]} Kg7 {[%emt 0:00:52]} 39. Nfxe5+ {[%emt 0:00:05]} Kg8 {[%emt 0:00:15]} 40. Ng4 {[%emt 0:00:03]} 1-0

[Event "7th Cesme Open-A 2019"]
[Site "Cesme"]
[Date "2019.06.26"]
[Round "5"]
[White "Cansun, Can Alp"]
[Black "Tuncer, Tuna"]
[Result "0-1"]
[WhiteElo "2121"]
[BlackElo "2365"]
[Annotator "NA"]
[PlyCount "94"]
[EventDate "2019.06.24"]
[EventType "swiss"]
[EventCountry "TUR"]
[SourceTitle "playchess.com"]
[Source "ChessBase"]
[SourceQuality "1"]
[TimeControl "5400+30"]

1. e4 {[%emt 0:00:30]} c5 {[%emt 0:00:30]} 2. Nf3 {[%emt 0:00:00]} e6 {[%emt 0:00:30]} 3. d4 {[%emt 0:00:00]} cxd4 {[%emt 0:00:30]} 4. Nxd4 {[%emt 0:00:00]} Nf6 {[%emt 0:00:00]} 5. Nc3 {[%emt 0:00:00]} Nc6 {[%emt 0:00:00]} 6. Ndb5 {[%emt 0:01:30]} d6 {[%emt 0:00:00]} 7. Bf4 {[%emt 0:00:30]} e5 {[%emt 0:00:00]} 8. Bg5 {[%emt 0:00:30]} a6 {[%emt 0:00:30]} 9. Na3 {[%emt 0:00:30]} Be6 {[%emt 0:00:00]} 10. Nc4 {[%emt 0:00:30]} Rb8 {[%emt 0:00:00]} 11. Bxf6 {[%emt 0:01:30]} Qxf6 {[%emt 0:00:00]} 12. Ne3 {[%emt 0:06:30]} Qg6 {[%emt 0:07:00]} 13. g3 {[%emt 0:06:30]} h5 {[%emt 0:08:30]} 14. h4 {[%emt 0:00:30]} Be7 {[%emt 0:14:30]} 15. Bg2 {[%emt 0:00:30]} Qh6 {[%emt 0:02:30]} 16. Ncd5 {[%emt 0:08:30]} Bd8 {[%emt 0:02:30]} 17. c3 {[%emt 0:06:30]} Ne7 {[%emt 0:01:30]} 18. Nxe7 {[%emt 0:08:30]} Bxe7 {[%emt 0:04:30]} 19. Nf5 {[%emt 0:00:30]} Qf6 {[%emt 0:02:30]} 20. Qd3 {[%emt 0:03:30]} O-O {[%emt 0:07:30]} 21. O-O {[%emt 0:09:30]} g6 {[%emt 0:09:30]} 22. Ne3 {[%emt 0:00:30]} Qg7 {[%emt 0:00:30]} 23. Nd5 {[%emt 0:02:30]} Bd8 {[%emt 0:00:30]} 24. f4 {[%emt 0:00:30]} Bxd5 {[%emt 0:13:30]} 25. Qxd5 {[%emt 0:00:30]} exf4 {[%emt 0:00:30]} 26. Rxf4 {[%emt 0:00:30]} Qe5 {[%emt 0:00:30]} 27. Qd3 {[%emt 0:07:30]} Bf6 {[%emt 0:03:30]} 28. Raf1 {[%emt 0:00:30]} Qc5+ {[%emt 0:00:30]} 29. Kh1 {[%emt 0:01:30]} Be5 {[%emt 0:00:00]} 30. R4f3 {[%emt 0:00:30]} b5 {[%emt 0:00:00]} 31. a3 {[%emt 0:05:30]} a5 {[%emt 0:06:17]} 32. Qd2 {[%emt 0:02:30]} b4 {[%emt 0:02:03]} 33. axb4 {[%emt 0:00:30]} axb4 {[%emt 0:00:00]} 34. Qg5 {[%emt 0:01:30]} Qc8 {[%emt 0:01:56]} 35. cxb4 {[%emt 0:20:21]} Rxb4 {[%emt 0:00:21]} 36. b3 {[%emt 0:00:25]} Qe6 {[%emt 0:01:25]} 37. Qe3 {[%emt 0:03:34]} Bg7 {[%emt 0:00:42]} 38. Qd3 {[%emt 0:00:42]} Be5 {[%emt 0:03:52]} 39. Kg1 {[%emt 0:02:49]} Rfb8 {[%emt 0:04:29]} 40. Rb1 {[%emt 0:00:37]} Rd4 {[%emt 0:02:16]} 41. Qf1 {[%emt 0:00:09]} Rd2 {[%emt 0:01:52]} 42. Rc1 {[%emt 0:00:36]} Rxb3 {[%emt 0:01:05]} 43. Rc7 {[%emt 0:00:37]} Rbb2 {[%emt 0:00:29]} 44. Rcxf7 {[%emt 0:00:39]} Rxg2+ {[%emt 0:00:45]} 45. Qxg2 {[%emt 0:00:30]} Rxg2+ {[%emt 0:00:30]} 46. Kxg2 {[%emt 0:00:30]} Qxf7 {[%emt 0:00:00]} 47. Rxf7 {[%emt 0:00:00]} Kxf7 {[%emt 0:00:00]} 0-1

[Event "7th Cesme Open-A 2019"]
[Site "Cesme"]
[Date "2019.06.26"]
[Round "5"]
[White "Caputcuoglu, Zeki Berke"]
[Black "Can, Melih Kaan"]
[Result "1-0"]
[WhiteElo "2097"]
[BlackElo "2204"]
[Annotator "NA"]
[PlyCount "99"]
[EventDate "2019.06.24"]
[EventType "swiss"]
[EventCountry "TUR"]
[SourceTitle "playchess.com"]
[Source "ChessBase"]
[SourceQuality "1"]
[TimeControl "5400+30"]

1. Nf3 {[%emt 0:00:30]} Nf6 {[%emt 0:15:30]} 2. d4 {[%emt 0:00:00]} c5 {[%emt 0:00:00]} 3. c4 {[%emt 0:00:00]} cxd4 {[%emt 0:02:00]} 4. Nxd4 {[%emt 0:00:30]} e5 {[%emt 0:00:00]} 5. Nb5 {[%emt 0:00:30]} d5 {[%emt 0:00:00]} 6. cxd5 {[%emt 0:00:30]} Bc5 {[%emt 0:00:30]} 7. N5c3 {[%emt 0:00:00]} O-O {[%emt 0:00:30]} 8. g3 {[%emt 0:00:00]} Re8 {[%emt 0:02:30]} 9. Bg2 {[%emt 0:02:30]} e4 {[%emt 0:00:30]} 10. O-O {[%emt 0:01:30]} Bf5 {[%emt 0:02:30]} 11. Na3 {[%emt 0:03:30]} Nbd7 {[%emt 0:03:30]} 12. Nc4 {[%emt 0:18:30]} Rc8 {[%emt 0:00:30]} 13. Bf4 {[%emt 0:14:30]} Nf8 {[%emt 0:22:30]} 14. Qb3 {[%emt 0:09:30]} Ng6 {[%emt 0:05:30]} 15. Be3 {[%emt 0:02:30]} b6 {[%emt 0:25:25]} 16. Bxc5 {[%emt 0:06:30]} Rxc5 {[%emt 0:00:30]} 17. Ne3 {[%emt 0:00:30]} Bd7 {[%emt 0:00:53]} 18. Rfd1 {[%emt 0:01:30]} Qe7 {[%emt 0:00:26]} 19. Rd4 {[%emt 0:01:30]} Qe5 {[%emt 0:00:14]} 20. Rad1 {[%emt 0:00:00]} Qh5 {[%emt 0:00:47]} 21. Re1 {[%emt 0:16:17]} Bh3 {[%emt 0:04:32]} 22. Nxe4 {[%emt 0:01:41]} Nxe4 {[%emt 0:01:53]} 23. Rxe4 {[%emt 0:00:06]} Rec8 {[%emt 0:02:53]} 24. Bxh3 {[%emt 0:07:52]} Qxh3 {[%emt 0:00:48]} 25. Rc4 {[%emt 0:00:00]} Rxc4 {[%emt 0:01:58]} 26. Nxc4 {[%emt 0:00:08]} h5 {[%emt 0:00:01]} 27. Ne3 {[%emt 0:08:02]} h4 {[%emt 0:00:28]} 28. Qd3 {[%emt 0:01:12]} hxg3 {[%emt 0:01:04]} 29. hxg3 {[%emt 0:00:06]} Ne5 {[%emt 0:01:43]} 30. Qe4 {[%emt 0:00:10]} Nd7 {[%emt 0:01:25]} 31. Rd1 {[%emt 0:00:42]} Qh5 {[%emt 0:01:41]} 32. Qe7 {[%emt 0:01:14]} Qh3 {[%emt 0:01:25]} 33. Ng2 {[%emt 0:03:09]} Qf5 {[%emt 0:01:04]} 34. Nf4 {[%emt 0:00:43]} Rc2 {[%emt 0:00:31]} 35. Qe8+ {[%emt 0:00:32]} Nf8 {[%emt 0:00:29]} 36. d6 {[%emt 0:00:41]} Qd7 {[%emt 0:00:01]} 37. Qe7 {[%emt 0:00:22]} a5 {[%emt 0:01:43]} 38. e4 {[%emt 0:00:41]} Qg4 {[%emt 0:00:22]} 39. Rf1 {[%emt 0:01:06]} Rxb2 {[%emt 0:00:15]} 40. e5 {[%emt 0:00:00]} Rd2 {[%emt 0:00:46]} 41. Rc1 {[%emt 0:00:35]} Rd1+ {[%emt 0:01:00]} 42. Rxd1 {[%emt 0:00:07]} Qxd1+ {[%emt 0:00:00]} 43. Kg2 {[%emt 0:00:52]} b5 {[%emt 0:00:00]} 44. Qe8 {[%emt 0:00:12]} b4 {[%emt 0:00:00]} 45. Qa8 {[%emt 0:00:18]} a4 {[%emt 0:00:49]} 46. Nd5 {[%emt 0:00:25]} Kh7 {[%emt 0:01:41]} 47. Ne7 {[%emt 0:00:07]} Ne6 {[%emt 0:00:33]} 48. Qg8+ {[%emt 0:00:30]} Kh6 {[%emt 0:00:30]} 49. Qh8+ {[%emt 0:00:00]} Kg5 {[%emt 0:00:00]} 50. Qh4# {[%emt 0:00:00]} 1-0

[Event "7th Cesme Open-A 2019"]
[Site "Cesme"]
[Date "2019.06.27"]
[Round "6"]
[White "Baklan, Vladimir"]
[Black "Bernadskiy, Vitaliy"]
[Result "1/2-1/2"]
[WhiteElo "2620"]
[BlackElo "2578"]
[Annotator "RC"]
[PlyCount "31"]
[EventDate "2019.06.24"]
[EventType "swiss"]
[EventCountry "TUR"]
[SourceTitle "playchess.com"]
[Source "ChessBase"]
[SourceQuality "1"]
[TimeControl "5400+30"]

1. e4 {[%emt 0:00:30]} c5 {[%emt 0:00:30]} 2. Nf3 {[%emt 0:00:30]} Nc6 {[%emt 0:00:00]} 3. d4 {[%emt 0:02:30]} cxd4 {[%emt 0:00:00]} 4. Nxd4 {[%emt 0:00:00]} Nf6 {[%emt 0:00:30]} 5. Nc3 {[%emt 0:00:00]} d6 {[%emt 0:00:30]} 6. g3 {[%emt 0:01:30]} g6 {[%emt 0:03:30]} 7. Nde2 {[%emt 0:00:30]} Bg7 {[%emt 0:00:00]} 8. Bg2 {[%emt 0:00:30]} O-O {[%emt 0:00:00]} 9. O-O {[%emt 0:00:00]} Rb8 {[%emt 0:00:30]} 10. a4 {[%emt 0:01:00]} a6 {[%emt 0:01:30]} 11. Nd5 {[%emt 0:04:30]} b5 {[%emt 0:02:30]} 12. axb5 {[%emt 0:01:30]} axb5 {[%emt 0:00:00]} 13. c3 {[%emt 0:00:00]} Nd7 {[%emt 0:01:00]} 14. Nd4 {[%emt 0:04:00]} Nxd4 {[%emt 0:03:30]} 15. cxd4 {[%emt 0:00:30]} Bb7 {[%emt 0:00:30]} 16. Bg5 {[%emt 0:06:30]} 1/2-1/2

[Event "7th Cesme Open-A 2019"]
[Site "Cesme"]
[Date "2019.06.27"]
[Round "6"]
[White "Iskandarov, Misratdin"]
[Black "Quparadze, Giga"]
[Result "0-1"]
[WhiteElo "2502"]
[BlackElo "2498"]
[Annotator "TA"]
[PlyCount "64"]
[EventDate "2019.06.24"]
[EventType "swiss"]
[EventCountry "TUR"]
[SourceTitle "playchess.com"]
[Source "ChessBase"]
[SourceQuality "1"]

{[%evp 12,64,21,11,19,0,0,0,23,2,25,21,22,0,0,0,0,0,6,2,17,-37,-10,-20,0,0,0,0,0,0,0,-9,-8,-8,0,0,0,0,0,0,0,-27,-35,-114,-110,-110,-108,-112,-113,-232,-154,-611,-611,-576,-560]} 1. e4 c5 2. Nf3 e6 3. d4 cxd4 4. Nxd4 a6 5. Nc3 Qc7 6. g3 Bb4 7. Bd2 Nc6 {B43: Sicilian: Kan Variation: 5 Nc3} (7... Nf6 8. Bg2 O-O 9. O-O Bc5 10. Nb3 Be7 11. f4 d6 12. g4 b5 13. g5 Nfd7 14. a3 Bb7 15. Be3 Nc6 16. Qh5 {1-0 (43) Guseinov,G (2664)-Caruana,F (2828) chess.com INT 2019}) 8. Nb3 Nf6 9. Bg2 Be7 {The position is equal.} 10. O-O O-O 11. f4 d6 12. g4 b5 13. g5 Nd7 $1 14. Qh5 g6 $146 ({Predecessor:} 14... Re8 15. Rf3 Bb7 16. Raf1 b4 {0-1 (70) Sitnikov,A (2410)-Radzhabov,R (2329) Cheliabinsk 2019}) 15. Qh6 Re8 16. Kh1 (16. a3 $11) 16... Bf8 17. Qh4 Bg7 18. Nd1 f5 19. gxf6 Nxf6 20. Ne3 Bb7 21. Rae1 Rf8 22. f5 exf5 23. exf5 {[#] Hoping for Nd5.} Ne5 24. Nd4 Bxg2+ 25. Nxg2 Qb7 26. fxg6 (26. Ne6 {with more complications.} Nf3 27. Rxf3 Qxf3 28. Nxg7 Kxg7 29. Bh6+) 26... hxg6 27. Ne6 (27. Kg1 $15) 27... Nf3 $17 28. Rxf3 Qxf3 29. Nxf8 Rxf8 $40 {[%mdl 128] Black goes for the king.} 30. h3 (30. Qf4 $17 {might work better.} Ng4 31. Qxf3 Rxf3 32. Ne3) 30... Nh5 {[#] White must now prevent ...Ng3+.} 31. Qg4 $2 (31. Bc3 $17) 31... Ng3+ $19 32. Kh2 Qxg4 {Accuracy: White = 41%, Black = 55%.} 0-1

[Event "7th Cesme Open-A 2019"]
[Site "Cesme"]
[Date "2019.06.27"]
[Round "6"]
[White "Gokerkan, Cem Kaan"]
[Black "Yilmaz, Goktan"]
[Result "1-0"]
[WhiteElo "2415"]
[BlackElo "2155"]
[Annotator "TA"]
[PlyCount "123"]
[EventDate "2019.06.24"]
[EventType "swiss"]
[EventCountry "TUR"]
[SourceTitle "playchess.com"]
[Source "ChessBase"]
[SourceQuality "1"]

{[%evp 9,123,15,24,25,18,0,0,0,35,31,35,35,44,-31,41,21,35,0,31,31,45,43,71,67,136,130,128,80,80,75,206,205,201,204,199,216,268,253,301,304,289,223,233,217,220,220,212,219,211,218,190,200,227,214,235,229,252,261,290,280,343,313,302,271,263,254,226,150,136,141,150,161,154,168,132,141,148,139,144,0,119,0,133,70,67,62,85,0,0,0,0,0,28,36,61,61,173,178,326,70,70,52,300,293,29975,29977,29977,29978,29978,29979,29979,29980,29980,29981,29981,29981]} 1. e4 c5 2. Nf3 d6 3. Bb5+ Nd7 4. c4 Ngf6 5. O-O (5. Nc3 g6 6. O-O Bg7 7. Ba4 O-O 8. h3 Nb6 9. Bb3 e5 10. d3 Ne8 11. Bg5 f6 12. Be3 f5 13. Bg5 Bf6 {0-1 (43) Safarli,E (2664)-Giri,A (2790) Shamkir 2016}) 5... e6 6. Nc3 {B51: Sicilian: Moscow Variation (3 Bb5+) without 3...Bd7} Be7 7. Ba4 O-O 8. d3 {The position is equal.} Nb8 $146 ({Predecessor:} 8... Ne5 9. Nxe5 dxe5 10. a3 Bd7 11. Be3 b6 {½-½ (36) Silva,D (2223)-Ortiz Q,J (2207) Batumi 2018}) 9. d4 cxd4 10. Nxd4 Bd7 11. Be3 (11. Bc2 $14) 11... a6 (11... Bxa4 $1 $15 12. Qxa4 Ng4) 12. Rc1 Nc6 13. Bxc6 Bxc6 14. f3 Qa5 15. Qd2 Qh5 16. Nce2 $36 {[%mdl 2048] White has good play.} Rfe8 (16... Nd7 $14) 17. Nf4 $1 $16 {[%cal Rf4h5]} Qe5 18. Nd3 Qh5 19. g4 Nxg4 (19... Qh4 $16) 20. Nxc6 $18 bxc6 21. fxg4 Qxg4+ 22. Qg2 Qh5 23. Rf3 f5 24. exf5 exf5 25. Bd4 {[%csl Gd4][%cal Rg2g7]} Qg4 26. Qxg4 fxg4 27. Rg3 h5 28. Rf1 Bh4 29. Re3 Rxe3 30. Bxe3 Re8 31. Bf2 Bf6 {[#]} 32. Re1 $1 {[%cal Re1e8]} Rb8 33. Re6 Rd8 34. Bg3 d5 35. c5 (35. Rxc6 dxc4 36. Ne1 Rd4 $16) 35... Rc8 36. b3 Kf7 37. Rd6 h4 38. Be5 Be7 39. Rd7 Ke6 40. Ra7 Bxc5+ 41. Nxc5+ Kxe5 42. Rxg7 {[%mdl 4096] Endgame KRN-KR} Kf4 43. Rf7+ Ke3 44. Rg7 (44. Rh7 $16) 44... Kf3 (44... Kf4 $11) 45. Rf7+ Ke3 46. Kg2 (46. Rh7 $16) 46... Re8 $14 47. Nxa6 d4 {[#]} 48. Rd7 (48. Nc5 $1 $16) 48... Ra8 $11 49. Nb4 {Hoping for Re7+.} c5 50. Nd5+ Kd2 51. a4 Kc2 52. b4 cxb4 (52... Rxa4 $14 53. bxc5 Kd3) 53. Nxb4+ $18 {[%mdl 64] Discovered Attack} Kb3 (53... Kc3 $142) 54. Nd3 $2 (54. Rxd4 $18 Rxa4 55. Rxg4 Rxb4 56. Kh3) 54... Kc3 $14 55. Nc5 {Black must now prevent Ne4+.} Ra5 $2 (55... Re8 $14) 56. Rxd4 $18 {[%mdl 64] Deflection, Decoy} Kxd4 $2 {KR-KN} ({Weaker is} 56... h3+ 57. Kg3 $16) (56... Rxc5 $18 57. Rxg4 Kb2) 57. Nb3+ {[%mdl 64] Double Attack. White mates.} Kc4 58. Nxa5+ Kb4 59. Nc6+ Kxa4 60. Ne5 g3 61. h3 Kb4 62. Nf3 {Accuracy: White = 54%, Black = 45%.} 1-0

[Event "7th Cesme Open-A 2019"]
[Site "Cesme"]
[Date "2019.06.27"]
[Round "6"]
[White "Barsov, Alexei"]
[Black "Caputcuoglu, Zeki Berke"]
[Result "0-1"]
[WhiteElo "2397"]
[BlackElo "2097"]
[Annotator "TA"]
[PlyCount "83"]
[EventDate "2019.06.24"]
[EventType "swiss"]
[EventCountry "TUR"]
[SourceTitle "playchess.com"]
[Source "ChessBase"]
[SourceQuality "1"]

{[%evp 22,83,23,21,39,27,49,0,10,-18,14,9,11,6,7,0,27,12,77,80,85,39,66,37,7,0,36,41,198,178,250,207,194,178,201,84,157,103,108,122,156,140,171,134,149,156,454,414,528,363,575,207,240,200,170,28,54,33,28,48,44,24,28,35]} 1. d4 Nf6 2. c4 g6 3. Nf3 Bg7 4. g3 O-O 5. Bg2 d6 6. O-O c6 7. Nc3 Qa5 8. e4 e5 9. h3 Nbd7 10. Re1 exd4 11. Nxd4 Ne5 12. Bf1 Qb6 {[#] White must now prevent ...Qxd4! E69: King's Indian: Fianchetto: 6...Nbd7 7 0-0 e5 8 e4 c6 9 h3} 13. Kg2 (13. Be3 c5 14. Nb3 Be6 15. Nd5 Bxd5 16. exd5 Rae8 17. Kg2 Re7 18. Qc2 Rfe8 19. Bd2 Qd8 20. a4 {0-1 (38) Howell,D (2676)-McShane,L (2640) London 2017}) 13... Re8 {[#]} 14. a4 $146 (14. Be3 $5 {[%cal Rd4b5]}) ({Predecessor:} 14. Be3 c5 15. Ndb5 Rd8 16. Bg5 Be6 17. Nd5 Bxd5 18. cxd5 a6 19. Nc3 Qxb2 20. Na4 Qd4 21. Qxd4 cxd4 22. Nb6 Rab8 23. Rab1 d3 24. f4 d2 25. Red1 Ned7 26. Nxd7 {½-½ (26) Gonda,L (2528)-Hebden,M (2426) Telford 2018}) 14... a5 {The position is equal.} 15. Be3 {And now Ndb5 would win.} Qc7 (15... Qxb2 {is interesting.} 16. Ncb5 cxb5 17. Rb1 Qc3 18. Nxb5 Nxe4 19. Nxc3 Nxc3 20. Qb3 b5) 16. f4 Ned7 17. Bf2 Nc5 {[%cal Rf6e4]} 18. Qc2 Na6 19. Rad1 Nb4 (19... b6 $11 {remains equal.}) 20. Qd2 $16 Bd7 21. g4 Rad8 22. g5 Nh5 23. Be2 Qc8 24. f5 c5 $2 {[#]} (24... d5 $1 $14 25. cxd5 cxd5 26. Bxh5 (26. Nxd5 Rxe4 27. Rc1 Bc6 $11) (26. exd5 Bxd4 27. Bxd4 Bxf5 $11) 26... gxh5 27. exd5 Bxd4 28. Rxe8+ (28. Bxd4 Bxf5 29. Re3 Nxd5 $11) (28. Qxd4 Rxe1 29. Bxe1 Bxf5 $14) 28... Rxe8 29. Qxd4 Bxf5) 25. Ndb5 $18 Bc6 (25... Be5 $142) 26. Bxh5 ({Not} 26. Nxd6 Rxd6 27. Qxd6 Bxc3 $14) 26... gxh5 27. f6 Bf8 {intending ...Qf5.} 28. Na7 (28. Kh2 $18 {and White stays clearly on top.}) 28... Qe6 (28... Qa8 $142) 29. Nxc6 ({White should try} 29. b3) 29... bxc6 $16 30. b3 Kh8 31. Bg3 Kg8 32. Re2 Qd7 33. Rf2 Re6 $2 (33... d5 $16 34. exd5 cxd5) 34. Qe2 $18 Qe8 35. Qxh5 d5 (35... Rxe4 {was called for.} 36. Nxe4 Qxe4+ 37. Qf3 Qg6) 36. exd5 $2 (36. Rf4 {aiming for Rh4.} Nc2 37. Rh4) 36... cxd5 37. Nxd5 Nxd5 38. Rxd5 ({Only move:} 38. cxd5 $18 Re4 39. Bc7) 38... Rxd5 $11 39. cxd5 Re3 40. Qg4 {Threatens to win with Qc4.} Rxb3 41. Re2 Re3 $1 {[%cal Re3e2]} 42. Rxe3 {[%mdl 32768] Accuracy: White = 34%, Black = 27%. . Loss on time!?} 0-1